Kali - Krime Story (cała płyta) - Statystyki

Ogólne statystyki
  • Ten quiz został rozwiązany 24 razy
  • Średni wynik to 12 z 17
Statystyki odpowiedzi
Odpowiedź % Poprawnych
LATAWICA
94%
LOLITA
94%
MÓW MU KRIME
88%
NA DZIELNI
81%
KING KONG
75%
KWAŚNY WYPAD
75%
NA DNIE
75%
PENGA
75%
PÓKI ŚMIERĆ NAS NIE ROZŁĄCZY (UPADEK)
75%
KRIME STORY PROLOG
69%
PROMIENIE
69%
ZWIERZĘ
63%
ŻYWY CZY MARTWY
63%
PRZEZNACZENIE
56%
LICHO NIE ŚPI
50%
GDY BĘDZIE ZA PÓŹNO
44%
SZCZUR WE MGLE
44%
Nie znaleziono quizów pasujących do podanych kryteriów
Rozkład punktacji
Procent ludzi z każdym wynikiem
Percentyl według liczby udzielonych odpowiedzi
Twoja historia wyników
Nie rozwiązałeś tego quizu